[Event "EU-ch Rapid (Women)"]
[Site "Monaco"]
[Date "2024.01.14"]
[Round "9"]
[White "Bensdorp, Marlies"]
[Black "Papp, Petra"]
[Result "1-0"]
[WhiteElo "2237"]
[BlackElo "2267"]
[PlyCount "117"]
[EventDate "2024.01.13"]
[EventType "swiss (rapid)"]
[EventRounds "11"]
[EventCountry "MNC"]
[SourceTitle "CB03_2024"]
[SourceDate "2024.01.17"]
[SourceVersion "1"]
[SourceVersionDate "2024.01.17"]
[SourceQuality "1"]

1. d4 Nf6 2. c4 g6 3. Nc3 d5 4. e3 Bg7 5. cxd5 Nxd5 6. Nxd5 Qxd5 7. Ne2 0-0 8. Nc3 Qd8 9. Be2 e5 10. d5 c6 11. e4 f5 12. 0-0 Nd7 13. Be3 f4 14. Bd2 Nf6 15. Qb3 Kh8 16. Rad1 Qe8 17. f3 g5 18. Be1 g4 19. fxg4 Nxg4 20. Bxg4 Bxg4 21. Rd3 Qe7 22. h3 Bh5 23. Kh2 Rg8 24. d6 Qd7 25. Na4 b6 26. Qc2 Bf6 27. b3 Rg7 28. Bc3 Qe6 29. Qb2 Rg6 30. Rf2 Rd8 31. Rfd2 Rd7 32. Qa1 Rh6 33. Nb2 b5 34. Nd1 Bg6 35. Nf2 Kg8 36. Kg1 Bh5 37. a4 Rg6 38. axb5 cxb5 39. Qa6 Rdg7 40. Ng4 Bxg4 41. hxg4 Qd7 42. Qa1 Rxg4 43. Bxe5 Bxe5 44. Qxe5 b4 45. Qd5+ Kh8 46. e5 Qc8 47. Qc4 Qb7 48. Qd5 Qb6+ 49. Qd4 Qb7 50. Qd5 Qb6+ 51. Kf1 Rh4 52. Qd4 Qc6 53. Qd5 Qb6 54. d7 Rh1+ 55. Ke2 f3+ 56. Qxf3 Qd8 57. Rc2 Rxd7 58. Rxd7 Qxd7 59. Qf8# 1-0

[Event "EU-ch Rapid (Women)"]
[Site "Monaco"]
[Date "2024.01.14"]
[Round "6"]
[White "Exler, Veronika"]
[Black "Bensdorp, Marlies"]
[Result "1/2-1/2"]
[WhiteElo "2157"]
[BlackElo "2237"]
[PlyCount "101"]
[EventDate "2024.01.13"]
[EventType "swiss (rapid)"]
[EventRounds "11"]
[EventCountry "MNC"]
[SourceTitle "CB03_2024"]
[SourceDate "2024.01.17"]
[SourceVersion "1"]
[SourceVersionDate "2024.01.17"]
[SourceQuality "1"]

1. e4 e6 2. d4 d5 3. Bd3 c5 4. exd5 exd5 5. Nf3 Nf6 6. 0-0 c4 7. Re1+ Be7 8. Bf1 0-0 9. b3 cxb3 10. axb3 Nc6 11. c4 Bg4 12. Bb2 Bb4 13. Re3 a6 14. Na3 Rc8 15. Nc2 Bd6 16. h3 Bh5 17. Ba3 Bxa3 18. Rxa3 Qc7 19. Qe1 Rfe8 20. Ne5 Bg6 21. Nxc6 Qxc6 22. Nb4 Qd7 23. c5 Rxe3 24. fxe3 Qe6 25. Bd3 Re8 26. Bxg6 hxg6 27. c6 bxc6 28. Rxa6 Qxe3+ 29. Qxe3 Rxe3 30. Nxc6 Rxb3 31. Ra8+ Kh7 32. Nd8 g5 33. Nxf7 g4 34. Rh8+ Kg6 35. Ne5+ Kg5 36. hxg4 Nxg4 37. Nxg4 Kxg4 38. Rd8 Kg3 39. Kf1 Rb5 40. Rg8 Rb1+ 41. Ke2 Rb7 42. Rd8 Rb5 43. Rg8 Rb2+ 44. Kd3 Rb3+ 45. Kd2 Kxg2 46. Rxg7+ Kf3 47. Rh7 Kf4 48. Rh5 Ke4 49. Rh4+ Kf5 50. Rh5+ Ke4 51. Rh4+ 1/2-1/2

[Event "EU-ch Rapid (Women)"]
[Site "Monaco"]
[Date "2024.01.14"]
[Round "8"]
[White "Haussernot, Cecile"]
[Black "Bensdorp, Marlies"]
[Result "0-1"]
[WhiteElo "2136"]
[BlackElo "2237"]
[PlyCount "76"]
[EventDate "2024.01.13"]
[EventType "swiss (rapid)"]
[EventRounds "11"]
[EventCountry "MNC"]
[SourceTitle "CB03_2024"]
[SourceDate "2024.01.17"]
[SourceVersion "1"]
[SourceVersionDate "2024.01.17"]
[SourceQuality "1"]

1. e4 d5 2. exd5 Qxd5 3. Nc3 Qa5 4. d4 Nf6 5. Nf3 Bf5 6. Bd2 e6 7. Bc4 Bb4 8. a3 Bxc3 9. Bxc3 Qb6 10. Ne5 Nc6 11. 0-0 0-0 12. Nxc6 Qxc6 13. Qe2 a6 14. Rad1 Rad8 15. Rfe1 Rd7 16. Bd3 Bxd3 17. Rxd3 Nd5 18. Qe4 Qb6 19. Rh3 g6 20. Qh4 f5 21. Bd2 Nf6 22. Bb4 Rff7 23. Bc5 Qxb2 24. Rb3 Qxc2 25. Rxb7 Rd8 26. h3 Qc4 27. Qg5 Qd5 28. Reb1 Kg7 29. Qf4 Qc6 30. Rb8 Rfd7 31. h4 Qe4 32. Qg3 Rxb8 33. Rxb8 Qe1+ 34. Kh2 Ng4+ 35. Qxg4 fxg4 36. Bf8+ Kf7 37. Bh6 Rxd4 38. Rh8 Qe5+ 0-1

[Event "FRA-chT Top 12 (Women) GpA"]
[Site "Mulhouse"]
[Date "2023.05.18"]
[Round "1.2"]
[White "Bensdorp, Marlies"]
[Black "Benmesbah, Natacha"]
[Result "0-1"]
[WhiteElo "2217"]
[BlackElo "2261"]
[PlyCount "80"]
[EventDate "2023.05.18"]
[EventType "team-tourn"]
[EventRounds "5"]
[EventCountry "FRA"]
[SourceTitle "CBM 214 Extra"]
[Source "ChessBase"]
[SourceDate "2023.07.31"]
[SourceVersion "1"]
[SourceVersionDate "2023.07.31"]
[SourceQuality "1"]
[WhiteTeam "Cannes (W)"]
[BlackTeam "Clichy (W)"]
[WhiteTeamCountry "FRA"]
[BlackTeamCountry "FRA"]

1. d4 Nf6 2. Nf3 g6 3. g3 Bg7 4. Bg2 0-0 5. 0-0 d6 6. b3 e5 7. Bb2 e4 8. Ne1 d5 9. c4 c6 10. Nc3 Ng4 11. Nc2 Be6 12. f3 exf3 13. exf3 Nh6 14. c5 Bf5 15. Ne3 Re8 16. Qd2 Qf6 17. Rad1 Na6 18. Rfe1 Bd7 19. Na4 Nc7 20. Nc3 Ne6 21. Na4 Re7 22. b4 Rae8 23. Ng4 Nxg4 24. fxg4 Ng5 25. Rf1 Re2 26. Rxf6 Rxd2 27. Rxd2 Bxf6 28. h3 h5 29. gxh5 Nxh3+ 30. Kh2 Bg5 31. Rd1 Nf2 32. Rf1 Re2 33. hxg6 fxg6 34. Bc1 Bxc1 35. Rxc1 Nd3 36. Rb1 Ne1 37. Rb2 Nf3+ 38. Kh1 Re1+ 39. Bf1 Bh3 40. Rf2 Rxf1+ 0-1

[Event "EU-ch rapid (Women)"]
[Site "Monte Carlo"]
[Date "2019.12.01"]
[Round "8"]
[White "Guichard, Pauline"]
[Black "Bensdorp, Marlies"]
[Result "1-0"]
[WhiteElo "2407"]
[BlackElo "2228"]
[PlyCount "75"]
[EventDate "2019.11.30"]
[EventType "swiss (rapid)"]
[EventRounds "11"]
[EventCountry "MNC"]
[SourceTitle "CBM 193 Extra"]
[Source "ChessBase"]
[SourceDate "2020.01.31"]
[SourceVersion "1"]
[SourceVersionDate "2020.01.31"]
[SourceQuality "1"]

1. d4 d5 2. Bf4 Nf6 3. e3 e6 4. Nd2 Bd6 5. Bg3 0-0 6. Bd3 c5 7. c3 Nc6 8. Ngf3 cxd4 9. exd4 Qc7 10. 0-0 Bxg3 11. hxg3 e5 12. dxe5 Nxe5 13. Nxe5 Qxe5 14. Re1 Qd6 15. Qa4 Bd7 16. Qd4 b6 17. Ne4 Nxe4 18. Bxe4 Be6 19. Rad1 Rad8 20. c4 Qb4 21. cxd5 Qa5 22. Bxh7+ Kxh7 23. Qe4+ Bf5 24. Qxf5+ g6 25. Qg5 Qxa2 26. Re4 Qxb2 27. Rh4+ Kg8 28. Rdd4 Qb1+ 29. Kh2 f6 30. Qh6 Rd7 31. d6 Qf5 32. Rdf4 Qg5 33. Qh8+ Kf7 34. Qh7+ Ke8 35. Re4+ Kd8 36. Re7 Rxd6 37. Rxa7 Qe5 38. Ra8# 1-0

[Event "FRA-chT Top 12 (Women) GpA"]
[Site "Mulhouse"]
[Date "2016.05.07"]
[Round "3.2"]
[White "Bensdorp, Marlies"]
[Black "Rapport, Jovana"]
[Result "1/2-1/2"]
[WhiteElo "2223"]
[BlackElo "2344"]
[PlyCount "129"]
[EventDate "2016.05.05"]
[EventType "team-tourn"]
[EventRounds "5"]
[EventCountry "FRA"]
[SourceTitle "CBM 172 Extra"]
[Source "ChessBase"]
[SourceDate "2016.06.21"]
[SourceVersion "1"]
[SourceVersionDate "2016.06.21"]
[SourceQuality "1"]
[WhiteTeam "Cannes (W)"]
[BlackTeam "Montpellier (W)"]
[WhiteTeamCountry "FRA"]
[BlackTeamCountry "FRA"]

1. d4 e6 2. c4 f5 3. Nf3 Nf6 4. g3 d5 5. Bg2 Be7 6. 0-0 Ne4 7. Nbd2 0-0 8. b3 Nc6 9. Bb2 Bd7 10. Ne1 Be8 11. Ndf3 f4 12. Nd3 fxg3 13. hxg3 Bg6 14. Rc1 Bf5 15. Nde5 Nxe5 16. dxe5 c5 17. Qe1 Qe8 18. cxd5 exd5 19. Nd2 Qg6 20. Nxe4 Bxe4 21. Bxe4 Qxe4 22. f3 Qf5 23. Kg2 Rac8 24. Qd2 d4 25. e3 Bg5 26. f4 Qe4+ 27. Rf3 b5 28. exd4 cxd4 29. Qd3 Qxd3 30. Rxd3 Rxc1 31. Bxc1 Rc8 32. Bd2 Be7 33. Rxd4 Rc2 34. a4 Bc5 35. Rd8+ Kf7 36. Kf3 Ke7 37. Rd3 bxa4 38. bxa4 g6 39. a5 Ke6 40. g4 Ra2 41. Be1 h5 42. gxh5 gxh5 43. Bd2 Kf5 44. Rd5 Rc2 45. Rd7 Ke6 46. Rd3 Kf5 47. Be3 Bxe3 48. Rxe3 Rc6 49. Kg3 Rg6+ 50. Kf3 h4 51. Re1 Rg3+ 52. Kf2 Kxf4 53. e6 Rg8 54. e7 Re8 55. Kg2 Kf5 56. Kh3 Kf6 57. Rf1+ Kxe7 58. Rb1 Kd6 59. Rb7 Re7 60. Rxe7 Kxe7 61. Kxh4 Kd6 62. Kg4 Kc5 63. Kf4 Kb5 64. Ke4 Kxa5 65. Kd3 1/2-1/2

[Event "NED-ch (Women)"]
[Site "Amsterdam"]
[Date "2013.07.06"]
[Round "2"]
[White "Paulet, Iozefina"]
[Black "Bensdorp, Marlies"]
[Result "1-0"]
[WhiteElo "2228"]
[BlackElo "2263"]
[PlyCount "174"]
[EventDate "2013.07.05"]
[EventType "tourn"]
[EventRounds "7"]
[EventCountry "NED"]
[EventCategory "1"]
[SourceTitle "CBM 155 Extra"]
[Source "ChessBase"]
[SourceDate "2013.08.26"]
[SourceVersion "1"]
[SourceVersionDate "2013.08.26"]
[SourceQuality "1"]

1. e4 e5 2. Nf3 Nc6 3. Bb5 Nf6 4. d3 Ne7 5. 0-0 Ng6 6. d4 c6 7. dxe5 Nxe4 8. Bd3 d5 9. exd6 Nxd6 10. Ng5 Be7 11. Qh5 Nf8 12. Bf4 Ne6 13. Nxe6 Bxe6 14. Nc3 Qd7 15. Be2 Nf5 16. Rad1 Qc8 17. Ne4 g6 18. Qf3 0-0 19. Qc3 Bd5 20. Bf3 Bxe4 21. Bxe4 Qe6 22. Rde1 Bf6 23. Qb4 Qd7 24. Rd1 Qc8 25. Rd3 Ng7 26. Bf3 Rd8 27. Rxd8+ Bxd8 28. h3 Bc7 29. Bg4 f5 30. Be2 Bxf4 31. Qxf4 Qd7 32. Rd1 Qe7 33. Bc4+ Kh8 34. Qd4 Re8 35. Qxa7 Qb4 36. b3 Qe7 37. a4 f4 38. Qd4 Qg5 39. Bf7 Rf8 40. Qd6 Rxf7 41. Qd8+ Qxd8 42. Rxd8+ Ne8 43. Rxe8+ Kg7 44. Kf1 Kf6 45. Ke2 Kf5 46. a5 g5 47. b4 Rd7 48. Rf8+ Ke4 49. c3 Ke5 50. Rc8 Kd5 51. Kd3 Ke5+ 52. Kc2 Kd5 53. Rg8 h6 54. Rg6 c5 55. bxc5 Kxc5 56. Rxh6 Kc4 57. a6 bxa6 58. Rxa6 Re7 59. Rc6+ Kd5 60. Rg6 Kc4 61. Kd2 Re5 62. Rc6+ Kd5 63. Ra6 Kc4 64. Ra4+ Kb5 65. Rd4 Kc5 66. h4 gxh4 67. Rxf4 Rg5 68. Rxh4 Rxg2 69. Ke2 Rg1 70. f4 Rg3 71. Rh8 Kd5 72. Rd8+ Ke4 73. Rd4+ Kf5 74. Kd2 Rf3 75. c4 Rh3 76. c5 Ke6 77. c6 Rh7 78. Ke3 Rc7 79. Rc4 Kd5 80. Rc1 Re7+ 81. Kf3 Rc7 82. Kg4 Ke6 83. f5+ Kf6 84. Kf4 Ke7 85. Ke5 Rc8 86. f6+ Kf7 87. c7 Kf8 1-0

[Event "EU-chT (Women) 18th"]
[Site "Porto Carras"]
[Date "2011.11.10"]
[Round "8.3"]
[White "Brunello, Marina"]
[Black "Bensdorp, Marlies"]
[Result "1-0"]
[WhiteElo "2221"]
[BlackElo "2242"]
[PlyCount "133"]
[EventDate "2011.11.03"]
[EventType "team-swiss"]
[EventRounds "9"]
[EventCountry "GRE"]
[SourceTitle "EXT 2012"]
[Source "ChessBase"]
[SourceDate "2011.11.24"]
[SourceVersion "1"]
[SourceVersionDate "2011.11.24"]
[SourceQuality "1"]
[WhiteTeam "Italy (W)"]
[BlackTeam "Netherlands (W)"]
[WhiteTeamCountry "ITA"]
[BlackTeamCountry "NED"]

1. e4 e6 2. d4 d5 3. Nd2 c5 4. exd5 Qxd5 5. Ngf3 cxd4 6. Bc4 Qd7 7. 0-0 Nc6 8. Re1 a6 9. a4 Nf6 10. Nb3 Be7 11. Nbxd4 Nxd4 12. Nxd4 Qc7 13. Bd3 0-0 14. Qf3 Bd6 15. h3 Be5 16. Be3 Bd7 17. c3 Rac8 18. Qe2 Bh2+ 19. Kh1 Bf4 20. Kg1 Rfd8 21. Bxf4 Qxf4 22. a5 g6 23. g3 Qc7 24. Qe5 Kg7 25. Qxc7 Rxc7 26. Bf1 Nd5 27. Bg2 Ne7 28. Ra3 Kf6 29. Rb3 Bc8 30. f4 Rd6 31. Re5 h6 32. h4 Nf5 33. Nxf5 gxf5 34. Kf2 Ke7 35. Rb4 Rd2+ 36. Re2 Rd3 37. Re3 Rd2+ 38. Re2 Rd3 39. Rb6 Rcd7 40. Bf3 Kd8 41. Rc2 Kc7 42. c4 Rd2+ 43. Rxd2 Rxd2+ 44. Ke3 Rc2 45. Kd4 f6 46. Rb3 Rd2+ 47. Ke3 Rc2 48. Kd3 Rf2 49. Kd4 Rd2+ 50. Kc3 Rf2 51. Kb4 e5 52. fxe5 fxe5 53. Bd5 f4 54. Kc5 Rh2 55. gxf4 exf4 56. Rb6 Rxh4 57. Rf6 Rh2 58. b4 h5 59. Rxf4 h4 60. Rf7+ Kb8 61. Kb6 Rb2 62. b5 axb5 63. cxb5 h3 64. Bxb7 h2 65. a6 Bxb7 66. Rxb7+ Kc8 67. Rh7 1-0

[Event "EU-chT (Women) 18th"]
[Site "Porto Carras"]
[Date "2011.11.06"]
[Round "4.4"]
[White "Pavlidou, Ekaterini"]
[Black "Bensdorp, Marlies"]
[Result "1-0"]
[WhiteElo "2176"]
[BlackElo "2242"]
[PlyCount "91"]
[EventDate "2011.11.03"]
[EventType "team-swiss"]
[EventRounds "9"]
[EventCountry "GRE"]
[SourceTitle "EXT 2012"]
[Source "ChessBase"]
[SourceDate "2011.11.24"]
[SourceVersion "1"]
[SourceVersionDate "2011.11.24"]
[SourceQuality "1"]
[WhiteTeam "Greece (W)"]
[BlackTeam "Netherlands (W)"]
[WhiteTeamCountry "GRE"]
[BlackTeamCountry "NED"]

1. d4 Nf6 2. c4 b6 3. Nc3 Bb7 4. d5 e6 5. a3 Bd6 6. Nf3 exd5 7. cxd5 Qe7 8. e3 0-0 9. Be2 c6 10. 0-0 Nxd5 11. Nxd5 cxd5 12. b4 Qf6 13. Rb1 Nc6 14. Bb2 Qh6 15. g3 Ne7 16. Nd4 Rac8 17. Qa4 Bb8 18. Qxd7 Rc7 19. Qa4 Bc8 20. Rfc1 Qg6 21. Qd1 Rxc1 22. Rxc1 Bh3 23. b5 Rc8 24. Rxc8+ Bxc8 25. Bd3 Qd6 26. Qc2 h5 27. Qc3 f6 28. a4 Qd8 29. Bb1 h4 30. Qd3 hxg3 31. Qh7+ Kf7 32. Qh5+ Kg8 33. Bh7+ Kf8 34. hxg3 Qe8 35. Qh4 Bd6 36. Nc6 Nxc6 37. bxc6 Qe6 38. Bg6 Be7 39. Kh2 Bc5 40. Qh8+ Qg8 41. Qh4 Qe6 42. c7 Bd6 43. Bxf6 Bxg3+ 44. Kxg3 gxf6 45. Qh8+ Ke7 46. Qd8# 1-0

[Event "EU-chT (Women) 18th"]
[Site "Porto Carras"]
[Date "2011.11.03"]
[Round "1.3"]
[White "Bensdorp, Marlies"]
[Black "Kaya, Emel"]
[Result "1/2-1/2"]
[WhiteElo "2242"]
[BlackElo "2005"]
[PlyCount "102"]
[EventDate "2011.11.03"]
[EventType "team-swiss"]
[EventRounds "9"]
[EventCountry "GRE"]
[SourceTitle "EXT 2012"]
[Source "ChessBase"]
[SourceDate "2011.11.24"]
[SourceVersion "1"]
[SourceVersionDate "2011.11.24"]
[SourceQuality "1"]
[WhiteTeam "Netherlands (W)"]
[BlackTeam "Turkey (W)"]
[WhiteTeamCountry "NED"]
[BlackTeamCountry "TUR"]

1. d4 d5 2. c4 dxc4 3. Nf3 Nf6 4. e3 e6 5. Bxc4 c5 6. 0-0 a6 7. Bb3 cxd4 8. exd4 Be7 9. Nc3 Nc6 10. Bg5 0-0 11. Qd2 Na5 12. Bc2 b5 13. Rad1 Bb7 14. Qf4 g6 15. Bh6 Nh5 16. Qg4 Re8 17. Ne5 f5 18. Qh3 Bg5 19. Bxg5 Qxg5 20. Ne2 Rac8 21. Bb1 Nf4 22. Nxf4 Qxf4 23. Nd7 Kg7 24. Nc5 Bd5 25. Rfe1 Nc4 26. Re2 e5 27. b3 Na3 28. Qg3 Qxg3 29. hxg3 a5 30. Nd3 exd4 31. Red2 Nxb1 32. Rxb1 Be4 33. Rbd1 Bxd3 34. Rxd3 Rc2 35. Rxd4 Ree2 36. Rf4 Rxa2 37. Rd7+ Kf6 38. g4 Ke5 39. g3 Reb2 40. gxf5 gxf5 41. Rxh7 Rxb3 42. Rf7 Rd2 43. R7xf5+ Kd6 44. Rf8 Rbb2 45. R4f5 a4 46. Ra8 Ke6 47. g4 Rd4 48. Ra6+ Rd6 49. Ra5 Rd4 50. Ra6+ Rd6 51. Ra5 Rd4 1/2-1/2

[Event "Sautron op 11th"]
[Site "Sautron"]
[Date "2011.10.29"]
[Round "9"]
[White "Bapst, Valentin"]
[Black "Bensdorp, Marlies"]
[Result "1/2-1/2"]
[WhiteElo "1971"]
[BlackElo "2242"]
[PlyCount "63"]
[EventDate "2011.10.22"]
[EventType "swiss"]
[EventRounds "9"]
[EventCountry "FRA"]
[SourceTitle "EXT 2016"]
[Source "ChessBase"]
[SourceDate "2015.10.08"]
[SourceVersion "1"]
[SourceVersionDate "2015.10.08"]
[SourceQuality "1"]

1. e4 e6 2. d4 d5 3. Nc3 Bb4 4. e5 c5 5. a3 Bxc3+ 6. bxc3 Qc7 7. Qg4 f5 8. Qg3 Nc6 9. Ne2 cxd4 10. cxd4 Nge7 11. c3 0-0 12. h4 Na5 13. Nf4 Nb3 14. Rb1 Nxc1 15. Rxc1 Qa5 16. Nh5 Rf7 17. Qg5 Kh8 18. Nf4 Qxa3 19. Kd2 Bd7 20. Be2 Rc8 21. Rh3 b5 22. Bh5 g6 23. Bxg6 Rg7 24. h5 Kg8 25. Qh6 hxg6 26. hxg6 Nxg6 27. Nxg6 Kf7 28. Nf4 Qe7 29. Qh5+ Kg8 30. Qh8+ Kf7 31. Qh5+ Kg8 32. Qh8+ 1/2-1/2

[Event "Sautron op 11th"]
[Site "Sautron"]
[Date "2011.10.23"]
[Round "3"]
[White "Schmouchkovitch, Michel"]
[Black "Bensdorp, Marlies"]
[Result "0-1"]
[WhiteElo "1974"]
[BlackElo "2242"]
[PlyCount "70"]
[EventDate "2011.10.22"]
[EventType "swiss"]
[EventRounds "9"]
[EventCountry "FRA"]
[SourceTitle "EXT 2016"]
[Source "ChessBase"]
[SourceDate "2015.10.08"]
[SourceVersion "1"]
[SourceVersionDate "2015.10.08"]
[SourceQuality "1"]

1. c4 Nf6 2. g3 c6 3. Bg2 d5 4. Nf3 dxc4 5. Na3 Qd5 6. 0-0 Nbd7 7. Qc2 Nb6 8. Ne1 Qd4 9. d3 cxd3 10. Nxd3 Bf5 11. Rd1 e6 12. Be3 Qa4 13. Qb3 Nfd5 14. Bd2 Qxb3 15. axb3 Bxd3 16. exd3 Bb4 17. Bxb4 Nxb4 18. Nc4 N6d5 19. Nd6+ Ke7 20. Nxb7 Rhb8 21. Nc5 Rb5 22. d4 a5 23. Bf1 Rbb8 24. Bc4 Ra7 25. Kf1 Rd8 26. Ke2 Nc2 27. Rac1 Ndb4 28. Rd2 Nxd4+ 29. Ke3 e5 30. g4 Nd5+ 31. Bxd5 Rxd5 32. Rd3 Ra8 33. Na4 Rb8 34. Rcc3 Kd6 35. f4 exf4+ 0-1

[Event "FRA-chT Top 12 (Women)"]
[Site "Le Port Marly"]
[Date "2011.06.25"]
[Round "1"]
[White "Bensdorp, Marlies"]
[Black "Bertrand, Helene"]
[Result "1-0"]
[WhiteElo "2247"]
[BlackElo "1875"]
[PlyCount "71"]
[EventDate "2011.06.25"]
[EventType "team-match"]
[EventRounds "2"]
[EventCountry "FRA"]
[SourceTitle "CBM 143 Extra"]
[Source "ChessBase"]
[SourceDate "2011.08.29"]
[SourceVersion "1"]
[SourceVersionDate "2011.08.29"]
[SourceQuality "1"]
[WhiteTeam "Cannes (W)"]
[BlackTeam "Bischwiller (W)"]
[WhiteTeamCountry "FRA"]
[BlackTeamCountry "FRA"]

1. d4 d5 2. c4 e6 3. Nc3 c5 4. cxd5 exd5 5. Nf3 Nc6 6. g3 c4 7. Bg2 Bb4 8. 0-0 Nge7 9. e4 0-0 10. Nxd5 Nxd5 11. exd5 Qxd5 12. a3 Ba5 13. Ne5 Qb5 14. a4 Qa6 15. Be3 Be6 16. Qh5 Nb4 17. Be4 f5 18. Bg2 Nd5 19. Qe2 Rac8 20. Nd7 Bxd7 21. Bxd5+ Be6 22. Bg2 Rfd8 23. Bg5 Rd7 24. Qe5 Bb4 25. d5 Bf7 26. Qxf5 Rdc7 27. Bf4 Bd6 28. Rfe1 Bxf4 29. Qxf4 c3 30. bxc3 Rxc3 31. Re7 Qf6 32. Qxf6 gxf6 33. Be4 Rd8 34. Rxb7 Bxd5 35. Rd1 Rc5 36. Rxa7 1-0

[Event "FRA-chT Top 12 (Women) GpB"]
[Site "Sartrouville"]
[Date "2011.02.12"]
[Round "2.3"]
[White "Bensdorp, Marlies"]
[Black "Le Chequer, Laetitia"]
[Result "1-0"]
[WhiteElo "2269"]
[BlackElo "1590"]
[PlyCount "61"]
[EventDate "2011.02.11"]
[EventType "team-tourn"]
[EventRounds "4"]
[EventCountry "FRA"]
[SourceTitle "EXT 2012"]
[Source "ChessBase"]
[SourceDate "2011.11.24"]
[SourceVersion "1"]
[SourceVersionDate "2011.11.24"]
[SourceQuality "1"]
[WhiteTeam "Cannes (W)"]
[BlackTeam "Guingamp (W)"]
[WhiteTeamCountry "FRA"]
[BlackTeamCountry "FRA"]

1. d4 d5 2. c4 c6 3. Nf3 Nf6 4. e3 Bg4 5. h3 Bf5 6. Nc3 Nbd7 7. cxd5 cxd5 8. Qb3 Nb6 9. Bb5+ Bd7 10. Ne5 e6 11. Bd3 Be7 12. 0-0 0-0 13. Bd2 Rc8 14. Rac1 Be8 15. f4 Nfd7 16. Nb5 Nxe5 17. fxe5 a6 18. Nc3 Nc4 19. Qc2 Qb6 20. Bxh7+ Kh8 21. Bd3 Bg5 22. Bxc4 Rxc4 23. b3 Rc8 24. Qd1 Qd8 25. Kh1 Bh6 26. e4 dxe4 27. Bxh6 gxh6 28. Rf6 Rg8 29. Qd2 Rg6 30. Rxg6 fxg6 31. Qxh6+ 1-0

[Event "FRA-chT Top 12 (Women) GpB"]
[Site "Sartrouville"]
[Date "2011.02.11"]
[Round "1.3"]
[White "Bensdorp, Marlies"]
[Black "Wohlers Armas, Friederike"]
[Result "1-0"]
[WhiteElo "2269"]
[BlackElo "2000"]
[PlyCount "199"]
[EventDate "2011.02.11"]
[EventType "team-tourn"]
[EventRounds "4"]
[EventCountry "FRA"]
[SourceTitle "EXT 2012"]
[Source "ChessBase"]
[SourceDate "2011.11.24"]
[SourceVersion "1"]
[SourceVersionDate "2011.11.24"]
[SourceQuality "1"]
[WhiteTeam "Cannes (W)"]
[BlackTeam "Naujac (W)"]
[WhiteTeamCountry "FRA"]
[BlackTeamCountry "FRA"]

1. d4 b5 2. Nf3 Bb7 3. Nbd2 Nf6 4. g3 e6 5. Bg2 c5 6. c3 Nc6 7. 0-0 Rc8 8. dxc5 Bxc5 9. e4 Qc7 10. Qe2 a6 11. Nb3 Ba7 12. Bf4 e5 13. Bg5 Ne7 14. Bxf6 gxf6 15. Rfd1 Qc4 16. Qd2 Qc7 17. Nh4 Rd8 18. Qd6 Qxd6 19. Rxd6 Ng8 20. Rad1 Bc8 21. Nf5 Bb8 22. R6d2 d5 23. Ne3 Ne7 24. Nxd5 Nxd5 25. exd5 Ke7 26. Na5 Bd7 27. d6+ Kf8 28. Bb7 Ba7 29. b4 Bb6 30. Nb3 Rb8 31. Bxa6 Ra8 32. Bb7 Ra7 33. Bd5 Kg7 34. Rc1 Rc8 35. c4 bxc4 36. Rxc4 Rxc4 37. Bxc4 Ra4 38. Bd5 Rxb4 39. Rc2 Kf8 40. Kg2 Ke8 41. f3 Ra4 42. Kf1 Bb5+ 43. Ke1 Bd7 44. Kd1 Bd8 45. Nc5 Ra5 46. Bb3 Bc6 47. Ke2 Bb5+ 48. Kd2 Bc6 49. Ke2 Bb5+ 50. Kd1 Bc6 51. Ne4 Kd7 52. Bxf7 Bxe4 53. fxe4 Kxd6 54. Rd2+ Ke7 55. Bb3 Rb5 56. Ke2 Ba5 57. Rc2 Rb7 58. Rc6 Rd7 59. Re6+ Kd8 60. Bd5 f5 61. Rxe5 fxe4 62. Bxe4 Rd2+ 63. Ke3 Rxa2 64. Rh5 Bb6+ 65. Kf4 Bg1 66. h4 Bh2 67. Rxh7 Ra3 68. h5 Bxg3+ 69. Kf5 Ra5+ 70. Kg4 Be5 71. Rf7 Ra6 72. Bg6 Bb2 73. Rb7 Bc1 74. Kf5 Rc6 75. Ke5 Ra6 76. Rh7 Ra5+ 77. Kd6 Bf4+ 78. Ke6 Ra1 79. Rh8+ Kc7 80. h6 Bxh6 81. Rxh6 Kc6 82. Be4+ Kc5 83. Ke5 Re1 84. Rc6+ Kb5 85. Rc2 Kb4 86. Kd4 Kb3 87. Rc8 Rg1 88. Rb8+ Ka4 89. Bc2+ Ka5 90. Bb3 Ka6 91. Bd5 Rd1+ 92. Kc5 Rc1+ 93. Bc4+ Ka7 94. Rb4 Rg1 95. Bd5 Rc1+ 96. Kd6 Rg1 97. Bc6 Rg5 98. Kc7 Ra5 99. Rb7+ Ka6 100. Rb8 1-0

[Event "Olympiad Women-39"]
[Site "Khanty-Mansiysk"]
[Date "2010.09.29"]
[Round "8.35"]
[White "Bensdorp, Marlies"]
[Black "Dahdal, Lougain"]
[Result "1-0"]
[WhiteElo "2288"]
[BlackElo "1885"]
[PlyCount "107"]
[EventDate "2010.09.21"]
[EventType "team-swiss"]
[EventRounds "11"]
[EventCountry "RUS"]
[SourceTitle "CBM 139"]
[Source "ChessBase"]
[SourceDate "2010.11.18"]
[SourceVersion "1"]
[SourceVersionDate "2010.11.18"]
[SourceQuality "1"]
[WhiteTeam "Netherlands (W)"]
[BlackTeam "Jordan (W)"]
[WhiteTeamCountry "NED"]
[BlackTeamCountry "JOR"]

1. d4 Nf6 2. c4 e6 3. Nf3 d5 4. Bg5 Be7 5. e3 Nbd7 6. Nc3 0-0 7. Rc1 c6 8. Bd3 dxc4 9. Bxc4 Nd5 10. Bxe7 Qxe7 11. 0-0 Nxc3 12. Rxc3 e5 13. h3 h6 14. a3 exd4 15. Nxd4 Nf6 16. Qf3 Ne4 17. Rd3 Ng5 18. Qg3 Qf6 19. b4 Ne4 20. Qf3 Qg6 21. Rfd1 Be6 22. Bb3 Bxb3 23. Nxb3 Ng5 24. Qg3 Ne4 25. Qxg6 fxg6 26. f3 Nf6 27. e4 Rfe8 28. Rd6 Kf7 29. Na5 Rab8 30. h4 Re6 31. Kf2 Rxd6 32. Rxd6 Ke7 33. Rd1 Nd7 34. f4 c5 35. Ke3 cxb4 36. axb4 Ke6 37. Rc1 g5 38. hxg5 hxg5 39. fxg5 Ne5 40. Rc7 b6 41. Nb3 a5 42. bxa5 bxa5 43. Nxa5 Rb2 44. Rxg7 Rxg2 45. Nb7 Nf7 46. Nc5+ Ke7 47. g6 Kf6 48. Rxf7+ Kxg6 49. Rf3 Ra2 50. Kd4 Re2 51. e5 Kg7 52. e6 Kg8 53. Kd5 Rd2+ 54. Ke5 1-0

[Event "Olympiad Women-39"]
[Site "Khanty-Mansiysk"]
[Date "2010.09.28"]
[Round "7.26"]
[White "Nguyen Thi Mai, Hung"]
[Black "Bensdorp, Marlies"]
[Result "1/2-1/2"]
[WhiteElo "2258"]
[BlackElo "2288"]
[PlyCount "55"]
[EventDate "2010.09.21"]
[EventType "team-swiss"]
[EventRounds "11"]
[EventCountry "RUS"]
[SourceTitle "CBM 139"]
[Source "ChessBase"]
[SourceDate "2010.11.18"]
[SourceVersion "1"]
[SourceVersionDate "2010.11.18"]
[SourceQuality "1"]
[WhiteTeam "Vietnam (W)"]
[BlackTeam "Netherlands (W)"]
[WhiteTeamCountry "VIE"]
[BlackTeamCountry "NED"]

1. d4 d5 2. Bf4 Nf6 3. e3 c5 4. dxc5 Nc6 5. Bb5 e6 6. b4 a5 7. c3 Bd7 8. Qb3 Nh5 9. Bg3 Nxg3 10. hxg3 Qf6 11. Bxc6 Bxc6 12. b5 Bd7 13. a4 Bxc5 14. Nf3 Rc8 15. 0-0 0-0 16. Nbd2 Rfd8 17. Rfd1 b6 18. c4 h6 19. Rac1 Be8 20. cxd5 exd5 21. Nb1 Bd7 22. Rxd5 Be6 23. Rxd8+ Rxd8 24. Qc2 Bf5 25. Qa2 Be6 26. Qc2 Bf5 27. Qa2 Be6 28. Qc2 1/2-1/2